000 00304nam a2200085Ia 4500
245 0 _aEat right for blood type B : individual food, drink and supplement lists from Eat right for your type
100 _a D'ADAMO, Peter London, 2003
_995110
942 _cBK
008 210818s9999 xx 000 0 und d
999 _c434323
_d434322